[Event "Aragon-chT Preferente Gr I"]
[Site "Aragon"]
[Date "2023.02.04"]
[Round "2.50"]
[White "Lorente Melcon, Nicolas"]
[Black "Miranda Herrera, Belen"]
[Result "0-1"]
[WhiteElo "1869"]
[BlackElo "1788"]
[PlyCount "98"]
[EventDate "2023.01.28"]
[EventType "team-tourn"]
[EventRounds "9"]
[EventCountry "ESP"]
[SourceTitle "EXT 2024"]
[Source "ChessBase"]
[SourceDate "2023.10.10"]
[SourceVersion "1"]
[SourceVersionDate "2023.10.10"]
[SourceQuality "1"]
[WhiteTeam "Helios II"]
[BlackTeam "Casablanca MyInvestor II"]
[WhiteTeamCountry "ESP"]
[BlackTeamCountry "ESP"]

1. e4 e5 2. Nf3 Nc6 3. Bc4 Bc5 4. 0-0 Nf6 5. d3 d6 6. c3 0-0 7. b4 Bb6 8. Bg5 h6 9. Bh4 g5 10. Bg3 Bg4 11. h3 Bh5 12. Re1 a6 13. Nbd2 Kh8 14. Nf1 g4 15. hxg4 Nxg4 16. N3h2 Qg5 17. Qd2 Nxh2 18. Qxg5 Nf3+ 19. gxf3 hxg5 20. Kg2 f5 21. Ne3 Bg6 22. Nd5 f4 23. Bh2 Bf7 24. Rh1 Kg7 25. Rag1 Bxd5 26. Bxd5 Rh8 27. Kf1 Kf6 28. a4 Rab8 29. Rg2 Ne7 30. Bb3 c6 31. Ke2 c5 32. Bc4 cxb4 33. cxb4 Bd4 34. Rc1 b5 35. axb5 axb5 36. Bb3 Rbc8 37. Rb1 Bc3 38. Bd1 Nc6 39. Bb3 Bxb4 40. Bd5 Nd4+ 41. Kd1 Bc5 42. Bb7 Rb8 43. Bd5 Nxf3 44. Bg1 b4 45. Ke2 Nd4+ 46. Kd2 Rb6 47. Kc1 Rh3 48. Kd2 Nb5 49. Kc2 Na3+ 0-1

[Event "Motiva Online Blitz (Women)"]
[Site "Chess.com INT"]
[Date "2021.12.18"]
[Round "9"]
[White "Varney, Zoe"]
[Black "Miranda Herrera, Belen"]
[Result "1-0"]
[WhiteElo "1981"]
[BlackElo "1546"]
[PlyCount "35"]
[EventDate "2021.12.18"]
[EventType "swiss (blitz)"]
[EventRounds "13"]
[EventCountry "USA"]
[SourceTitle "CBM 205 Extra"]
[Source "ChessBase"]
[SourceDate "2022.01.31"]
[SourceVersion "1"]
[SourceVersionDate "2022.01.31"]
[SourceQuality "1"]

1. e4 e5 2. Nf3 Nc6 3. Bc4 Bc5 4. c3 Nf6 5. d4 exd4 6. e5 d5 7. Bb5 Ne4 8. cxd4 Bb4+ 9. Nbd2 Bg4 10. 0-0 Nxd2 11. Bxd2 Bxd2 12. Qxd2 Bxf3 13. gxf3 Qd7 14. Kh1 0-0-0 15. Rac1 Qh3 16. Qf4 Ne7 17. e6 fxe6 18. Qxc7# 1-0

[Event "Motiva Online Blitz (Women)"]
[Site "Chess.com INT"]
[Date "2021.12.18"]
[Round "13"]
[White "Zikunova, Valeria"]
[Black "Miranda Herrera, Belen"]
[Result "0-1"]
[WhiteElo "1825"]
[BlackElo "1546"]
[PlyCount "60"]
[EventDate "2021.12.18"]
[EventType "swiss (blitz)"]
[EventRounds "13"]
[EventCountry "USA"]
[SourceTitle "CBM 205 Extra"]
[Source "ChessBase"]
[SourceDate "2022.01.31"]
[SourceVersion "1"]
[SourceVersionDate "2022.01.31"]
[SourceQuality "1"]

1. e4 e5 2. Nf3 f5 3. Nxe5 Qf6 4. Qh5+ g6 5. Nxg6 Qxg6 6. Qxf5 Qxf5 7. exf5 d5 8. d4 Bxf5 9. Nc3 c6 10. Bf4 Bxc2 11. Be5 Nf6 12. Bxf6 Rg8 13. Kd2 Bf5 14. h3 Nd7 15. g4 Nxf6 16. gxf5 0-0-0 17. Be2 Bb4 18. Rag1 Ne4+ 19. Kc2 Nxf2 20. Rxg8 Rxg8 21. Rh2 Ne4 22. Nxe4 dxe4 23. Bg4 Kc7 24. f6 Rf8 25. Rf2 e3 26. Rf3 e2 27. Re3 e1Q 28. Rxe1 Bxe1 29. Kd3 Rxf6 30. Ke4 Rd6 0-1

[Event "ESP-chT Regional U16"]
[Site "Gijon"]
[Date "2021.06.20"]
[Round "6.3"]
[White "Bagur Bosch, Maria"]
[Black "Miranda Herrera, Belen"]
[Result "1-0"]
[WhiteElo "1647"]
[BlackElo "1568"]
[PlyCount "61"]
[EventDate "2021.06.17"]
[EventType "team-swiss"]
[EventRounds "6"]
[EventCountry "ESP"]
[SourceTitle "EXT 2022"]
[Source "ChessBase"]
[SourceDate "2021.10.06"]
[SourceVersion "1"]
[SourceVersionDate "2021.10.06"]
[SourceQuality "1"]
[WhiteTeam "Baleares U16"]
[BlackTeam "Aragon U16"]
[WhiteTeamCountry "ESP"]
[BlackTeamCountry "ESP"]

1. e4 e5 2. Nf3 Nc6 3. Bb5 a6 4. Bxc6 dxc6 5. 0-0 Bd6 6. d4 exd4 7. Qxd4 f6 8. Nbd2 Be6 9. b3 Ne7 10. Re1 Ng6 11. Nc4 Bxc4 12. Qxc4 Ne5 13. Nxe5 Bxe5 14. Ba3 Bd6 15. e5 Bxa3 16. exf6+ Kf8 17. fxg7+ Kxg7 18. Qg4+ Kf7 19. Qc4+ Kg7 20. b4 Bb2 21. Rad1 Qg5 22. Rd7+ Kh6 23. Re6+ Kh5 24. Qe2+ Qg4 25. Rh6+ Kg5 26. h4+ Qxh4 27. Rxh4 Kxh4 28. Qe4+ Kg5 29. c3 Rae8 30. Qb1 Bxc3 31. Qc1+ 1-0